00719nam a2200241 a 4500001001000000003000500010005001700015008004100032010001100073011001100084020001500095040000900110082001800119100002200137245010100159260003700260300002000297500005500317650001600372650003400388650002800422700002700450000107773CHAP20220329143943.0131031s2006 mx a |r| |||1|||spa d a104235 a105207 a8484762971 cCHAP1 a634.3047bS681 aSoler Aznar, Juan10aCítricos :bVariedades y técnias de cultivo /cpor Juan Soler Aznar y Soler Fayos Guillermo. aMéxico :bMundi prensa,c2006. a242 p. :btabs. aIncluye bibliografía e índice de fotografías14aCítricos.14aCítricosxEfecto del clima.14aCítricosxVariedades.1 aSoler Fayos, Guillermo